[Event "4NCL/Div4/MET vs. HKF prelims"]
[Site "West Bromwich ENG"]
[Date "2002.11.09"]
[Round "1.3"]
[White "Dickson, George"]
[Black "Pym, Thomas W"]
[Result "1-0"]
[WhiteElo "2016"]
[BlackElo "1998"]
[PlyCount "81"]
[EventDate "2002.11.09"]

1. e4 c5 2. Nc3 g6 3. g3 Bg7 4. Bg2 e6 5. d3 Nc6 6. Be3 d6 7. Qd2 a6 8. f4 Nge7
9. Nf3 Qc7 10. O-O Rb8 11. Rae1 Nd4 12. g4 f5 13. exf5 gxf5 14. g5 b5 15. Qf2
b4 16. Nd1 Nxf3+ 17. Bxf3 Qa5 18. Bh5+ Ng6 19. d4 c4 20. d5 Qxd5 21. Bf3 Qb5
22. Qd2 Qd7 23. Bd4 Bxd4+ 24. Qxd4 Qc7 25. Ne3 O-O 26. Nxc4 Rd8 27. Rf2 a5 28.
Ne3 a4 29. Nxf5 e5 30. Bd5+ Kh8 31. fxe5 dxe5 32. Qe4 Qc5 33. Ne3 Qd4 34. h4
Nxh4 35. Rh2 Nf5 36. Qh1 Rd7 37. Rh3 Nxe3 38. Rexe3 Qxd5 39. Rxh7+ Rxh7 40.
Qxd5 Bb7 41. Qxe5+ 1-0

[Event "4NCL/Div4/MET vs. HKF prelims"]
[Site "West Bromwich ENG"]
[Date "2002.11.09"]
[Round "1.4"]
[White "Hogarth, Mark J"]
[Black "Calvert, D Ian"]
[Result "1/2-1/2"]
[WhiteElo "1720"]
[BlackElo "2040"]
[PlyCount "57"]
[EventDate "2002.11.09"]

1. e4 d5 2. exd5 Qxd5 3. Nc3 Qa5 4. d4 Nf6 5. Bc4 c6 6. Bb3 Bf5 7. Bd2 e6 8. a3
Qc7 9. h3 Nbd7 10. g4 Bg6 11. Qe2 O-O-O 12. O-O-O Bd6 13. Nf3 Nd5 14. Rhe1 Bf4
15. Kb1 h6 16. Nxd5 cxd5 17. Ka2 Kb8 18. Be3 Rc8 19. Rc1 Nb6 20. Bxf4 Qxf4 21.
Qe5+ Qxe5 22. Nxe5 Rce8 23. Nxg6 fxg6 24. Re2 Rhf8 25. Rce1 Rf6 26. c3 g5 27.
Bc2 g6 28. Bd3 Kc7 29. Bb5 1/2-1/2

[Event "4NCL/Div4/MET vs. HKF prelims"]
[Site "West Bromwich ENG"]
[Date "2002.11.09"]
[Round "1.5"]
[White "Kruszynski, Robert G"]
[Black "Greatorex, Roger"]
[Result "1-0"]
[WhiteElo "1792"]
[BlackElo "1704"]
[PlyCount "105"]
[EventDate "2002.11.09"]

1. e4 d6 2. d4 g6 3. f4 Bg7 4. Nf3 Bg4 5. Be2 c6 6. Nbd2 Nf6 7. e5 Nd5 8. Ne4
O-O 9. c4 Nc7 10. Nf2 Bxf3 11. Bxf3 d5 12. c5 Ne6 13. O-O h5 14. Be3 Bh6 15.
Qd2 Ng7 16. Rae1 Nf5 17. Nd1 Kh8 18. Kh1 Kg7 19. g4 hxg4 20. Bxg4 Nxe3 21. Nxe3
e6 22. Qf2 f5 23. exf6+ Rxf6 24. Ng2 Qf8 25. Rxe6 Rxe6 26. Bxe6 Na6 27. f5 Qf6
28. Nh4 g5 29. Ng6 Nc7 30. Bd7 Rd8 31. Ne5 Rf8 32. Ng4 Qd8 33. f6+ Kh7 34. Bf5+
Kh8 35. Qe3 Rxf6 36. Nxf6 Qxf6 37. Qe5 Kg7 38. Qxf6+ Kxf6 39. Bc8+ Ke7 40. Bxb7
g4 41. Bxc6 Be3 42. Rd1 a5 43. Ba4 Ne6 44. c6 Kd6 45. Rd3 Bxd4 46. b3 Bc5 47.
Rd1 d4 48. Kg2 Nf4+ 49. Kg3 Ne2+ 50. Kxg4 Nc3 51. Rd3 Nxa4 52. bxa4 Kxc6 53. h4
1-0

[Event "4NCL/Div4/MET vs. HKF prelims"]
[Site "West Bromwich ENG"]
[Date "2002.11.09"]
[Round "1.6"]
[White "Bullock, Andrew"]
[Black "Young, Collins"]
[Result "0-1"]
[WhiteElo "1712"]
[BlackElo "1664"]
[PlyCount "72"]
[EventDate "2002.11.09"]

1. c4 e5 2. g3 Nf6 3. Bg2 Bc5 4. e3 c6 5. Ne2 O-O 6. O-O d6 7. Nbc3 a6 8. d4
Bb6 9. Qc2 Be6 10. b3 Qc7 11. Ba3 Re8 12. Rad1 Nbd7 13. Na4 Ba7 14. dxe5 dxe5
15. Bd6 Qc8 16. Rd2 Bb8 17. Rfd1 Bxd6 18. Rxd6 Qc7 19. Nac3 Red8 20. Qd3 Ne8
21. Rxe6 fxe6 22. Qc2 Nf8 23. Rc1 Nf6 24. Ne4 Rd7 25. N2c3 Rad8 26. Nxf6+ gxf6
27. Ne4 Kg7 28. Qe2 f5 29. Nc5 Rd2 30. Qh5 Qe7 31. Na4 Rxa2 32. e4 Rdd2 33.
exf5 Rxf2 34. Qg4+ Kh8 35. Be4 exf5 36. Bxf5 Rg2+ 0-1

[Event "4NCL/Div4/WGR3 vs. SLO3 prelims"]
[Site "West Bromwich ENG"]
[Date "2002.11.09"]
[Round "1.1"]
[White "Watson, Ron"]
[Black "Milnes, Anthony"]
[Result "1-0"]
[WhiteElo "2248"]
[BlackElo "2129"]
[PlyCount "79"]
[EventDate "2002.11.09"]

1. d4 f5 2. Bg5 g6 3. Nc3 Bg7 4. Qd3 d5 5. h4 h6 6. Bf4 c6 7. f3 Nf6 8. g4 Qa5
9. Bh3 Qa6 10. Qe3 Qb6 11. O-O-O fxg4 12. fxg4 Nbd7 13. g5 hxg5 14. hxg5 Nh5
15. Bd6 Qd8 16. Nf3 Nf8 17. Be5 Bxh3 18. Rxh3 Bxe5 19. Nxe5 Qc8 20. Rf1 Qe6 21.
Rhf3 Rg8 22. Na4 b6 23. Qd3 Ng7 24. Qa6 Qc8 25. Qd3 Nge6 26. Qd2 Qc7 27. Rc3 c5
28. Nd3 Qd7 29. Ra3 Rc8 30. dxc5 bxc5 31. Ne5 Qd6 32. Nf7 Qc6 33. Qa5 Qc7 34.
Nc3 Qxa5 35. Rxa5 d4 36. Nb5 Nh7 37. Rxa7 Nhxg5 38. Nbd6+ exd6 39. Nxd6+ Kd8
40. Nxc8 1-0

[Event "4NCL/Div4/WGR3 vs. SLO3 prelims"]
[Site "West Bromwich ENG"]
[Date "2002.11.09"]
[Round "1.2"]
[White "Purton, Ben"]
[Black "Savage, Ben D"]
[Result "0-1"]
[WhiteElo "2057"]
[BlackElo "2137"]
[PlyCount "94"]
[EventDate "2002.11.09"]

1. e4 c5 2. Nc3 Nc6 3. f4 g6 4. Nf3 Bg7 5. Be2 e6 6. d3 Nge7 7. O-O d5 8. Qe1
b6 9. Qg3 Ba6 10. Ne5 Nd4 11. Bd1 Qd6 12. Re1 Bb7 13. Be3 Ndc6 14. Nxc6 Qxc6
15. exd5 exd5 16. Bd2 Qc7 17. Qg5 Kf8 18. Bf3 h6 19. Qg4 Rd8 20. Qh3 h5 21. g3
Nf5 22. Qf1 Bd4+ 23. Kg2 Bf6 24. Kg1 Bd4+ 25. Kg2 Bf6 26. Kg1 Nd4 27. Bd1 Bc8
28. h3 Nf5 29. Kh2 Qd7 30. Rb1 Kg7 31. Qg2 Bb7 32. Bf3 Nd4 33. Bd1 Nf5 34. Bf3
Nd4 35. Bd1 Rde8 36. Ne2 Nf5 37. Qf2 Re6 38. Ng1 Bd4 39. Qf1 Rxe1 40. Qxe1 Re8
41. Qf1 Be3 42. Be1 Qd6 43. Bf3 h4 44. Bg4 hxg3+ 45. Bxg3 Nxg3 46. Kxg3 d4 47.
h4 Bxg1 0-1

[Event "4NCL/Div4/WGR3 vs. SLO3 prelims"]
[Site "West Bromwich ENG"]
[Date "2002.11.09"]
[Round "1.3"]
[White "Maduekwe, Chiedu"]
[Black "Payne, Oliver R"]
[Result "1-0"]
[WhiteElo "2140"]
[BlackElo "2029"]
[PlyCount "73"]
[EventDate "2002.11.09"]

1. d4 Nf6 2. c4 g6 3. Nc3 Bg7 4. Nf3 d6 5. g3 c6 6. Bg2 Nbd7 7. O-O O-O 8. h3
e5 9. e4 Ne8 10. b3 Nc7 11. Ba3 exd4 12. Nxd4 c5 13. Nde2 Ne5 14. f4 Nc6 15. e5
dxe5 16. Bxc5 Re8 17. Qxd8 Rxd8 18. Rad1 Bd7 19. Bd6 Ne8 20. fxe5 Nxe5 21. Be7
Rdb8 22. Nd5 b5 23. c5 a5 24. Nb6 Ra7 25. Nxd7 Nxd7 26. c6 Ne5 27. Rd8 Rxd8 28.
Bxd8 Nc7 29. Nf4 Bf8 30. Nd5 Nxd5 31. Bxd5 Bd6 32. Bb6 Ra8 33. c7 Rc8 34. Rc1
Nd7 35. Bxa5 Bc5+ 36. Kg2 Be3 37. Bb7 1-0

[Event "4NCL/Div4/WGR3 vs. SLO3 prelims"]
[Site "West Bromwich ENG"]
[Date "2002.11.09"]
[Round "1.4"]
[White "Jeffries, Majid"]
[Black "Kikoyo, Ali"]
[Result "0-1"]
[WhiteElo "2018"]
[BlackElo "1864"]
[PlyCount "130"]
[EventDate "2002.11.09"]

1. d4 d5 2. Nf3 Nf6 3. c4 c5 4. dxc5 Qa5+ 5. Bd2 Qxc5 6. cxd5 Nxd5 7. e4 Nf6 8.
Nc3 Nc6 9. a3 Bg4 10. Be3 Qa5 11. b4 Bxf3 12. gxf3 Qe5 13. Rc1 e6 14. Qa4 Be7
15. b5 Nd8 16. f4 Qh5 17. Be2 Qh3 18. Rg1 O-O 19. e5 Nd7 20. Ne4 Nb6 21. Bxb6
Qxh2 22. Rg3 axb6 23. Qxa8 Qh1+ 24. Kd2 Qxe4 25. Rc4 Qb1 26. Qa4 Bc5 27. Rc1
Qa2+ 28. Rc2 Qd5+ 29. Ke1 Qh1+ 30. Bf1 f6 31. Rh3 Qg1 32. Qe4 g6 33. Rh1 Qg4
34. Bh3 f5 35. Qc4 Qh4 36. Rd2 Re8 37. Bg2 Qe7 38. Rd3 Nf7 39. Ke2 Bxa3 40. Ra1
Bc5 41. Ra7 Qh4 42. Rg3 Nxe5 43. Qa4 Nf7 44. Kf1 Nd6 45. Ra8 $11 Rxa8 46. Qxa8+
Kf7 47. Bxb7 Qxf4 48. Rf3 Qc1+ 49. Kg2 Nxb5 50. Rd3 Qg5+ 51. Kf1 Nd6 52. Bc6
Qf4 53. Rf3 Qc4+ 54. Kg2 g5 55. Qh8 Qh4 56. Qd8 Qh6 57. Rh3 Qg7 58. Qd7+ Kf6
59. Qd8+ Ke5 60. Rh1 f4 61. Re1+ Kf5 62. Bd7 f3+ 63. Kg1 Kf4 64. Bxe6 Bxf2+ 65.
Kxf2 Qb2+ 0-1

[Event "4NCL/Div4/WGR3 vs. SLO3 prelims"]
[Site "West Bromwich ENG"]
[Date "2002.11.09"]
[Round "1.5"]
[White "Cutmore, Martin J"]
[Black "Coddington, Oliver"]
[Result "1-0"]
[WhiteElo "1896"]
[BlackElo "1776"]
[PlyCount "53"]
[EventDate "2002.11.09"]

1. d4 d5 2. c4 e6 3. Nc3 Nf6 4. cxd5 exd5 5. Bg5 c6 6. Qc2 Nbd7 7. e3 Bd6 8.
Bd3 h6 9. Bh4 O-O 10. Nge2 Qb6 11. O-O-O Qa5 12. g4 Re8 13. Kb1 Rb8 14. Rdg1 b5
15. g5 hxg5 16. Rxg5 Kf8 17. Rhg1 Ba6 18. Rxg7 Ke7 19. Bg6 Rf8 20. Nf4 b4 21.
Nce2 b3 22. axb3 Rxb3 23. Bxf7 Rxb2+ 24. Qxb2 Rb8 25. Bg5 Kd8 26. Rg8+ Bf8 27.
Rxf8+ 1-0

[Event "4NCL/Div4/WGR3 vs. SLO3 prelims"]
[Site "West Bromwich ENG"]
[Date "2002.11.09"]
[Round "1.6"]
[White "Roberson, Peter T"]
[Black "Cutmore, David M"]
[Result "1/2-1/2"]
[WhiteElo "1792"]
[BlackElo "1848"]
[PlyCount "73"]
[EventDate "2002.11.09"]

1. e4 Nf6 2. e5 Nd5 3. d4 d6 4. c4 Nb6 5. exd6 cxd6 6. Nc3 g6 7. Be3 Bg7 8. Rc1
O-O 9. b3 Nc6 10. d5 Ne5 11. Be2 a6 12. f4 Ned7 13. Nf3 Nf6 14. O-O Nbd7 15. b4
a5 16. a3 axb4 17. axb4 Ra3 18. Bd4 Nh5 19. Ng5 Bxd4+ 20. Qxd4 Ng7 21. Nb5 Nf5
22. Qf2 Ra2 23. g4 Ng7 24. Ra1 Rxa1 25. Rxa1 Qb6 26. h3 Qxf2+ 27. Kxf2 Nb6 28.
Ra3 Bd7 29. Nd4 Rc8 30. Ra7 Rc7 31. Ke3 h6 32. Ne4 f5 33. Nd2 Kf7 34. Ra1 Rc8
35. Ra7 Rc7 36. Ra1 Bc8 37. Ra7 1/2-1/2

[Event "4NCL/Div4/SXM vs. AD3 prelims"]
[Site "West Bromwich ENG"]
[Date "2002.11.09"]
[Round "1.1"]
[White "Fryer, David"]
[Black "Coleman, James"]
[Result "0-1"]
[WhiteElo "2074"]
[BlackElo "2152"]
[PlyCount "71"]
[EventDate "2002.11.09"]

1. c4 c6 2. g3 Nf6 3. Bg2 d5 4. Nf3 dxc4 5. Na3 b5 6. O-O e6 7. b3 cxb3 8. Qxb3
Be7 9. Bb2 O-O 10. Rac1 Bb7 11. Ne5 Qb6 12. d4 Nfd7 13. Nd3 a6 14. Rfd1 Rc8 15.
e3 h6 16. Nb1 c5 17. Bxb7 Qxb7 18. dxc5 Nxc5 19. Rxc5 Bxc5 20. Nxc5 Rxc5 21.
Rd8+ Kh7 22. Qd3+ f5 23. Nc3 Rc7 24. Nd5 Rf7 25. Nf4 Qc6 26. Rd6 Rd7 27. Nxe6
Qxd6 28. Qxf5+ Kg8 29. Qg6 Re7 30. Bxg7 Qxe6 31. Bf6+ Kf8 32. Qxh6+ Ke8 33.
Qg6+ Qf7 34. Qf5 Nd7 35. Qf3 Rd8 36. Qc6 0-1

[Event "4NCL/Div4/SXM vs. AD3 prelims"]
[Site "West Bromwich ENG"]
[Date "2002.11.09"]
[Round "1.2"]
[White "Beveridge, Nigel"]
[Black "Linford, Charles M"]
[Result "1/2-1/2"]
[WhiteElo "2022"]
[BlackElo "1840"]
[PlyCount "134"]
[EventDate "2002.11.09"]

1. Nf3 c5 2. b3 e6 3. Bb2 d5 4. e3 Nc6 5. Bb5 Bd7 6. O-O Nf6 7. d4 cxd4 8. exd4
Bd6 9. Nbd2 O-O 10. Re1 Rc8 11. a3 Qc7 12. c4 Ne7 13. Bxd7 Qxd7 14. Ne5 Qd8 15.
Rc1 Nd7 16. Qe2 Bb8 17. Rc3 dxc4 18. bxc4 Nxe5 19. dxe5 Ng6 20. Rg3 Qa5 21. Bc3
Qxa3 22. Qh5 Qe7 23. Ne4 Qh4 24. Qf3 Bxe5 25. Bxe5 Nxe5 26. Nf6+ Kh8 27. Rxe5
Rxc4 28. Re1 Qxf6 29. Qxb7 Qd4 30. Rf3 Kg8 31. h3 Qc5 32. Kh2 Qc7+ 33. Qxc7
Rxc7 34. Ra3 Ra8 35. Ra6 Kf8 36. Rd1 Ke7 37. Kg3 Rb8 38. Rda1 Rb3+ 39. f3 Rbb7
40. R1a4 g6 41. Rh4 h5 42. Rha4 Kd7 43. Kf4 Kc8 44. Ke5 Kb8 45. Kf6 Rb2 46. g4
hxg4 47. hxg4 Rb3 48. f4 Rb1 49. Rd6 Rb6 50. Rd8+ Kb7 51. Rf8 e5+ 52. Kxe5 Re6+
53. Kd4 Rd7+ 54. Kc3 Rc6+ 55. Rc4 Rxc4+ 56. Kxc4 Kb6 57. Rb8+ Ka5 58. Rb5+ Ka4
59. Rb4+ Ka3 60. Rb5 Rc7+ 61. Kd5 Ka4 62. Rb1 a5 63. f5 gxf5 64. gxf5 Ka3 65.
f6 Ra7 66. Kd6 a4 67. Re1 Kb2 1/2-1/2

[Event "4NCL/Div4/SXM vs. AD3 prelims"]
[Site "West Bromwich ENG"]
[Date "2002.11.09"]
[Round "1.3"]
[White "Barraclough, David"]
[Black "Kreuzer, Christopher"]
[Result "0-1"]
[WhiteElo "1640"]
[BlackElo "1792"]
[PlyCount "58"]
[EventDate "2002.11.09"]

1. e4 c5 2. Nf3 d6 3. d4 cxd4 4. Nxd4 Nf6 5. Nc3 a6 6. Bg5 e6 7. f4 Be7 8. Qf3
Qc7 9. O-O-O Nc6 10. g4 Bd7 11. Bg2 Rc8 12. Rhe1 Nxd4 13. Rxd4 b5 14. Qe2 b4
15. e5 bxc3 16. exf6 gxf6 17. Bh6 Qb6 18. bxc3 Rxc3 19. Rd3 Bb5 20. Qd2 Rxd3
21. cxd3 Kd7 22. Kd1 Rc8 23. Ke2 Qd4 24. f5 Rc3 25. fxe6+ fxe6 26. Be4 Qxe4+
27. Kf2 Qxd3 28. Qf4 Rc2+ 29. Kg1 Bc6 0-1

[Event "4NCL/Div4/SXM vs. AD3 prelims"]
[Site "West Bromwich ENG"]
[Date "2002.11.09"]
[Round "1.4"]
[White "Pritchard, David"]
[Black "Fraser, Joe"]
[Result "1-0"]
[WhiteElo "1768"]
[BlackElo "1448"]
[PlyCount "75"]
[EventDate "2002.11.09"]

1. e4 c5 2. d4 cxd4 3. c3 dxc3 4. Nxc3 d6 5. Bc4 Nc6 6. Nf3 e6 7. O-O Nf6 8.
Qe2 Be7 9. Rd1 Qc7 10. Bf4 e5 11. Be3 O-O 12. h3 a6 13. Rac1 Qb8 14. a3 b5 15.
Ba2 Bb7 16. Bg5 h6 17. Bxf6 Bxf6 18. Nd5 Bd8 19. Qd3 Kh8 20. Ne3 Bb6 21. Nf5
Qa7 22. Rc2 Rad8 23. Bd5 Na5 24. N3h4 Bxd5 25. Qxd5 Kh7 26. Qd2 Nc4 27. Qe2 g6
28. b3 Nxa3 29. Rc6 Bc5 30. Nxd6 Rd7 31. Nhf5 gxf5 32. Nxf5 Rxd1+ 33. Qxd1 f6
34. Qc1 Bxf2+ 35. Kf1 b4 36. Rc7+ Kg6 37. Rxa7 Bxa7 38. Qxh6+ 1-0

[Event "4NCL/Div4/SXM vs. AD3 prelims"]
[Site "West Bromwich ENG"]
[Date "2002.11.09"]
[Round "1.5"]
[White "Barraclough, Stephanie"]
[Black "Rea, Bill"]
[Result "0-1"]
[WhiteElo "1472"]
[BlackElo "1648"]
[PlyCount "88"]
[EventDate "2002.11.09"]

1. e4 e5 2. f4 Nc6 3. Nf3 d6 4. Bc4 h6 5. c3 Qe7 6. f5 Nf6 7. Qc2 Bd7 8. b4 a6
9. a4 Na7 10. b5 a5 11. Ba3 Nc8 12. d3 Nb6 13. Ba2 c5 14. Nbd2 g6 15. fxg6 fxg6
16. Nc4 Nxc4 17. Bxc4 Be6 18. Bxe6 Qxe6 19. O-O Nd7 20. Bb2 Bg7 21. d4 O-O 22.
d5 Qg4 23. Rae1 g5 24. h3 Qh5 25. Rf2 Rf7 26. Ref1 Raf8 27. Bc1 Bf6 28. Nh2 Bd8
29. Rxf7 Rxf7 30. Rxf7 Qxf7 31. Ng4 Qg6 32. c4 h5 33. Ne3 g4 34. hxg4 hxg4 35.
Nf5 Kf7 36. Qf2 Ke8 37. Nh6 Nf6 38. Qe2 Qxe4 39. Qf1 Qd4+ 40. Kh1 g3 41. Bg5
Qf2 42. Qd1 e4 43. Bxf6 Qxf6 44. Qh5+ Kd7 0-1

[Event "4NCL/Div4/SXM vs. AD3 prelims"]
[Site "West Bromwich ENG"]
[Date "2002.11.09"]
[Round "1.6"]
[White "Roberts, Colin"]
[Black "Eichner, Daniel"]
[Result "1-0"]
[WhiteElo "1576"]
[BlackElo "1328"]
[PlyCount "109"]
[EventDate "2002.11.09"]

1. e4 c5 2. Nf3 Nc6 3. d4 cxd4 4. Nxd4 g6 5. c4 Bg7 6. Be3 d6 7. Nc3 Nf6 8. Be2
O-O 9. O-O Bd7 10. Qd2 Nxd4 11. Bxd4 Bc6 12. f3 a6 13. Rfd1 Nd7 14. Bxg7 Kxg7
15. Nd5 Bxd5 16. Qxd5 Qb6+ 17. Qd4+ Qxd4+ 18. Rxd4 Ne5 19. f4 Nc6 20. Rd2 Rfd8
21. Bf3 Rab8 22. Rad1 h5 23. e5 dxe5 24. Bxc6 Rxd2 25. Rxd2 bxc6 26. fxe5 Rb7
27. Kf2 f5 28. exf6+ exf6 29. b3 Kf7 30. Rd6 Rc7 31. Kf3 a5 32. Rd8 Ra7 33. Rc8
Ra6 34. Ke4 a4 35. b4 a3 36. Kd4 Ke7 37. Kc5 Kd7 38. Rg8 g5 39. Rg7+ Ke8 40.
Rc7 Kd8 41. Rxc6 Rxc6+ 42. Kxc6 Kc8 43. Kd5 Kd7 44. Ke4 Ke6 45. b5 f5+ 46. Kf3
Kd6 47. h3 Kc5 48. g3 Kxc4 49. b6 Kc3 50. b7 Kb2 51. b8=Q+ Kxa2 52. Qg8+ Kb2
53. Qxg5 a2 54. Qxf5 Kb3 55. Qe5 1-0

[Event "4NCL/Div4/NKN2 vs. ATH2 prelims"]
[Site "West Bromwich ENG"]
[Date "2002.11.09"]
[Round "1.1"]
[White "Davis, Lee"]
[Black "Stevenson, James AB"]
[Result "1-0"]
[WhiteElo "2002"]
[BlackElo "2124"]
[PlyCount "109"]
[EventDate "2002.11.09"]

1. d4 Nf6 2. g3 g6 3. Bg2 Bg7 4. Nf3 O-O 5. O-O c5 6. c4 d6 7. Nc3 Nc6 8. d5
Na5 9. Nd2 Rb8 10. Qc2 a6 11. b3 b5 12. Bb2 bxc4 13. bxc4 Bh6 14. Nce4 Nxe4 15.
Nxe4 f5 16. Qc3 Rxb2 17. Qxb2 fxe4 18. Qc2 e3 19. f4 Bg7 20. Rab1 Bd7 21. Be4
Qc7 22. Kg2 e6 23. g4 exd5 24. Bxd5+ Kh8 25. f5 gxf5 26. gxf5 Qd8 27. f6 Rxf6
28. Rxf6 Bxf6 29. Qe4 Be5 30. Rf1 Qg5+ 31. Kh1 Qh6 32. Qg2 Bg4 33. Rb1 Qxh2+
34. Qxh2 Bxh2 35. Rb8+ Kg7 36. Rg8+ Kf6 37. Rxg4 Be5 38. Re4 Ke7 39. Rxe3 Kd7
40. Ra3 Nc6 41. Bxc6+ Kxc6 42. Rxa6+ Kb7 43. Ra4 h5 44. e4 h4 45. Ra3 Kb6 46.
Kg2 Kb7 47. Kh3 Kb6 48. Kxh4 Kb7 49. Kg4 Kb6 50. Kf5 Kc6 51. Ke6 Bf4 52. Rb3
Bd2 53. Rb5 Bg5 54. a4 Bd8 55. a5 1-0

[Event "4NCL/Div4/NKN2 vs. ATH2 prelims"]
[Site "West Bromwich ENG"]
[Date "2002.11.09"]
[Round "1.2"]
[White "McKeown, Paul"]
[Black "Spencer, Douglas"]
[Result "1-0"]
[WhiteElo "2043"]
[BlackElo "1847"]
[PlyCount "75"]
[EventDate "2002.11.09"]

1. e4 g6 2. d4 Bg7 3. c4 d6 4. Nc3 Nf6 5. f3 O-O 6. Be3 e5 7. Nge2 exd4 8. Nxd4
Nc6 9. Qd2 Re8 10. O-O-O Nh5 11. g4 Nxd4 12. Bxd4 Bxd4 13. Qxd4 Nf4 14. h4 Ne6
15. Qd2 Qf6 16. Nd5 Qg7 17. g5 Kf8 18. Nf6 Rd8 19. f4 h5 20. f5 Nc5 21. Bh3 Nd7
22. Nxd7+ Bxd7 23. f6 Qh8 24. Bxd7 Rxd7 25. e5 Kg8 26. Rhe1 Re8 27. exd6 Rxe1
28. Qxe1 Kh7 29. c5 cxd6 30. cxd6 Qd8 31. Qe5 Qc8+ 32. Kb1 Qc6 33. Qe8 Qa4 34.
b3 Qc6 35. Rd2 Qb5 36. Kb2 Qc6 37. Qf8 Qe4 38. Qg7# 1-0

[Event "4NCL/Div4/NKN2 vs. ATH2 prelims"]
[Site "West Bromwich ENG"]
[Date "2002.11.09"]
[Round "1.3"]
[White "Morgan, Steve"]
[Black "Gruettner, Ralf"]
[Result "0-1"]
[WhiteElo "1794"]
[BlackElo "2053"]
[PlyCount "87"]
[EventDate "2002.11.09"]

1. d4 Nf6 2. Bg5 c5 3. Bxf6 gxf6 4. d5 d6 5. c4 Bg7 6. Nc3 Nd7 7. e3 a6 8. f4
f5 9. Bd3 b5 10. cxb5 axb5 11. Bxb5 Qa5 12. Nge2 O-O 13. O-O Nf6 14. Qc2 Bb7
15. Bd3 Nxd5 16. Nxd5 Bxd5 17. Bxf5 h6 18. Nc3 Bc6 19. Be4 Qb6 20. Bxc6 Qxc6
21. a4 Rfb8 22. Nb5 Qb6 23. Rac1 Qa5 24. b3 Qb4 25. Qc4 Qxc4 26. Rxc4 f5 27.
Rd1 Bf8 28. h3 Ra5 29. g4 fxg4 30. hxg4 e6 31. e4 Rb7 32. Kf2 Rg7 33. Kf3 Rb7
34. Rg1 d5 35. exd5 exd5 36. Rc2 c4 37. bxc4 Rxa4 38. Nd4 Bc5 39. Ne6 Bxg1 40.
cxd5 Rb3+ 41. Kg2 Bb6 42. g5 hxg5 43. fxg5 Kf7 44. Rd2 0-1

[Event "4NCL/Div4/NKN2 vs. ATH2 prelims"]
[Site "West Bromwich ENG"]
[Date "2002.11.09"]
[Round "1.4"]
[White "Pedersen, Carsten"]
[Black "Thomas, Kevin"]
[Result "1-0"]
[WhiteElo "1944"]
[BlackElo "1823"]
[PlyCount "71"]
[EventDate "2002.11.09"]

1. e4 e5 2. Nc3 Bc5 3. Bc4 d6 4. d3 Nc6 5. Nf3 Be6 6. Bxe6 fxe6 7. Na4 Bb6 8.
Ng5 Qe7 9. Qh5+ Kd7 10. Nxb6+ axb6 11. c3 Nf6 12. Qe2 h6 13. Nf3 g5 14. h3 Qg7
15. Bd2 Rhf8 16. a3 Na5 17. d4 exd4 18. Nxd4 c5 19. Nf3 Qh7 20. e5 Ne4 21. exd6
Nxd2 22. Nxd2 Qc2 23. Qb5+ Kxd6 24. Qxb6+ Kd7 25. O-O Rf5 26. Nc4 Nxc4 27.
Qxb7+ Kd6 28. Qxa8 Nd2 29. Rfe1 Rxf2 30. Qd8+ Kc6 31. Rxe6+ Kb5 32. Rb6+ Kc4
33. Qg8+ Kd3 34. Qd5+ Ke3 35. Qxc5+ Ke4 36. Qxf2 1-0

[Event "4NCL/Div4/NKN2 vs. ATH2 prelims"]
[Site "West Bromwich ENG"]
[Date "2002.11.09"]
[Round "1.5"]
[White "Arnold, Chris"]
[Black "Seymour, Timothy P"]
[Result "1/2-1/2"]
[WhiteElo "1615"]
[BlackElo "1688"]
[PlyCount "108"]
[EventDate "2002.11.09"]

1. d4 f5 2. Bg5 g6 3. Nd2 Bg7 4. e4 fxe4 5. Nxe4 d5 6. Nc5 b6 7. Nb3 Nh6 8.
Bb5+ c6 9. Bd3 Nf7 10. Bf4 c5 11. Bb5+ Bd7 12. Bxd7+ Qxd7 13. dxc5 Bxb2 14. Rb1
Bc3+ 15. Bd2 Qe6+ 16. Ne2 Bxd2+ 17. Qxd2 Nd7 18. cxb6 Nxb6 19. O-O O-O 20. Nf4
Qd6 21. Rbd1 Rad8 22. Nd3 Nc4 23. Qb4 Nfe5 24. Qxd6 Rxd6 25. Nxe5 Nxe5 26. Rfe1
Nc6 27. Nd4 Nxd4 28. Rxd4 Rc8 29. Rxe7 Rxc2 30. h3 Rf6 31. Rxd5 Rxa2 32. Rd8+
Rf8 33. Rxf8+ Kxf8 34. Rxh7 a5 35. Ra7 a4 36. h4 a3 37. g4 Ra1+ 38. Kg2 Kg8 39.
h5 gxh5 40. gxh5 Kh8 41. h6 Kg8 42. f4 Ra2+ 43. Kg3 Ra1 44. f5 Rh1 45. Rxa3
Rxh6 46. Kf4 Rb6 47. Kg5 Kf8 48. Ra7 Rc6 49. Rh7 Rb6 50. Rh6 Rxh6 51. Kxh6 Kf7
52. Kg5 Kg7 53. f6+ Kf7 54. Kf5 Kf8 1/2-1/2

[Event "4NCL/Div4/NKN2 vs. ATH2 prelims"]
[Site "West Bromwich ENG"]
[Date "2002.11.09"]
[Round "1.6"]
[White "Winser, Lewis"]
[Black "Thomas, Joseff"]
[Result "1-0"]
[WhiteElo "1760"]
[BlackElo "1574"]
[PlyCount "113"]
[EventDate "2002.11.09"]

1. d4 Nf6 2. Nf3 g6 3. Bf4 Bg7 4. e3 O-O 5. Bd3 d6 6. e4 Nbd7 7. O-O c5 8. c3
Qb6 9. Qd2 Nh5 10. Be3 a6 11. Qc2 Qc7 12. Nbd2 b5 13. a4 c4 14. Be2 Bb7 15. d5
f5 16. Ng5 fxe4 17. Ne6 Qc8 18. Bxh5 gxh5 19. Nxf8 Qxf8 20. axb5 axb5 21. Rxa8
Bxa8 22. Qxe4 Nf6 23. Qf3 Bxd5 24. Qg3 Kh8 25. Ra1 Ng4 26. Qf4 Qd8 27. Qf5 Nf6
28. Bg5 e6 29. Qf4 Qf8 30. Ra7 h6 31. Bh4 Bc6 32. f3 Bd5 33. Ra6 e5 34. Qf5 Bb7
35. Ra7 Bc8 36. Qg6 Nd5 37. Rf7 Qg8 38. g3 Be6 39. Qxe6 Nc7 40. Qg6 Ne8 41. Ne4
d5 42. Nf6 Nxf6 43. Bxf6 Qxf7 44. Qxf7 Bxf6 45. Qxf6+ Kg8 46. Qxe5 h4 47. Qxd5+
Kf8 48. Qxb5 hxg3 49. hxg3 Ke7 50. Qxc4 Kd8 51. b4 Ke7 52. Qc6 Kf7 53. b5 Kg7
54. b6 Kg8 55. Qc7 h5 56. b7 h4 57. b8=Q# 1-0